000 00703nam a22002537a 4500
001 BR8005327
003 BR-BrBNA
005 20230928090718.0
007 ta
008 230509b bl.||||| |||| 00| 0 por d
040 _aBR-BrBNA
_bpor
_cBiblioteca Nacional de Agricultura
041 _a(Por)
072 _aP12
_b/G514
090 _ P12 BR8005327
100 1 _aRusso Junior, M.
110 1 _aCompanhia Energetica de Sao Paulo, Sao Paulo (Brasil)
_92428
245 1 _aIrrigacao por gotejo [Brasil]
260 3 _aSao Paulo, SP (Brasil):
_c1980.
300 _a45 p.
500 _a16 ref.; 11 illus.
650 _aIRRIGACAO POR GOTEJAMENTO
909 _a202309
_bLucia
_c55
_dLucia Elande
942 _cBK
999 _c30165
_d30165